| 000 | 01035nam a22002657a 4500 | ||
|---|---|---|---|
| 001 | BD-DhSAU 9278 | ||
| 003 | BD-DhSAU | ||
| 005 | 20260512110054.0 | ||
| 008 | 260512b2018 bg a|||| m||| 00| 0 eng d | ||
| 040 | _aBD-DhSAU | ||
| 082 |
_222 _a631.4 _bR1835 |
||
| 100 |
_aRasheduzzaman _eRegistration # 22010124 |
||
| 245 |
_aEffect of different zinc sources and methods of application on yield
and Zn biofortification of rice / _bMS thesis |
||
| 260 |
_aSher-e-Bangla Agricultural University; _bDepartment of Soil Science, ; _c2024. |
||
| 300 |
_aix, 57p. : _bill. ; _c30 cm. |
||
| 500 | _aMS thesis of Department of Soil Science, ;, Faculty of Agriculture. Sher-e-Balgla Agricultural University Dhaka-1207 | ||
| 504 | _aIncludes bibliographical reference. | ||
| 590 | _aNazmul | ||
| 650 | _azinc sources and methods | ||
| 650 | _aZn biofortification of rice | ||
| 700 |
_aProf. Dr. Md. Asaduzzaman Khan _eSuperviser |
||
| 710 |
_eCo-Superviser _aAssist. Prof. Mst. Sharmin Sultana |
||
| 942 |
_2ddc _cTHESIS |
||
| 999 |
_c18375 _d18374 |
||